000 00338nam a22001457a 4500
003 OSt
005 20211231161836.0
008 211231b |||||||| |||| 00| 0 eng d
020 _a0760731470
040 _cHU
082 _a005.3
100 _aNelson L. Stepben
_926697
245 _awindows XP:
_bAn Introduction
942 _2ddc
_cBOOKS
_n0
999 _c25645
_d25645